[Event "USCL Dallas vs Arizona"]
[Site "Internet Chess Club"]
[Date "2008.09.03"]
[Round "2"]
[White "Boskovic, Drasko"]
[Black "Altounian, Levon"]
[Result "1/2-1/2"]
[WhiteElo "2504"]
[BlackElo "2535"]
[PlyCount "35"]
[EventDate "2008.??.??"]

1. e4 e5 2. Nf3 Nc6 3. Bc4 Nf6 4. d4 exd4 5. e5 Ng4 6. Qe2 Qe7 7. Bf4 f6 8.
exf6 Nxf6 9. Nbd2 d6 10. Nb3 Bg4 11. Qxe7+ Bxe7 12. Nfxd4 Nxd4 13. Nxd4 d5 14.
Be2 Bxe2 15. Kxe2 Kd7 16. Rhe1 Rhf8 17. Nf3 Rae8 18. Kf1 1/2-1/2

[Event "USCL New Jersey vs Queens"]
[Site "Internet Chess Club"]
[Date "2008.09.03"]
[Round "2"]
[White "Ju, Evan"]
[Black "Lenderman, Alex"]
[Result "0-1"]
[WhiteElo "2292"]
[BlackElo "2528"]
[PlyCount "90"]
[EventDate "2008.??.??"]

1. e4 d5 2. exd5 Qxd5 3. Nc3 Qa5 4. d4 c6 5. Bc4 Nf6 6. Nf3 Bg4 7. h3 Bh5 8. g4
Bg6 9. Bd2 Qb6 10. Bb3 e6 11. Qe2 Bb4 12. O-O-O Nbd7 13. a3 Be7 14. Rhe1 O-O-O
15. Bf4 Qa5 16. Bd2 Qc7 17. g5 Nh5 18. Nh4 Bd6 19. Qg4 Bf4 20. Be3 Nb6 21. Nxg6
hxg6 22. Ne2 Nd5 23. Bxd5 Bxe3+ 24. fxe3 cxd5 25. Rf1 Kb8 26. Rf3 Rd7 27. Rdf1
a6 28. Kb1 Re8 29. Nc1 e5 30. dxe5 Rxe5 31. Qb4 f6 32. gxf6 Nxf6 33. Rg1 Re4
34. Qb3 Rc4 35. Rxg6 Ne4 36. Qd3 Qh2 37. Nb3 Rdc7 38. Rf8+ Ka7 39. Nd4 Qxh3 40.
Ka2 Qh7 41. Re6 Rxc2 42. Qxc2 Rxc2 43. Nxc2 Nc5 44. Nd4 Nxe6 45. Nxe6 Qe4 0-1

[Event "USCL Philadelphia vs Baltimore"]
[Site "Internet Chess Club"]
[Date "2008.09.03"]
[Round "2"]
[White "Kaufman, Larry"]
[Black "Bartell, Tom"]
[Result "0-1"]
[WhiteElo "2424"]
[BlackElo "2386"]
[PlyCount "88"]
[EventDate "2008.??.??"]

1. d4 Nf6 2. c4 g6 3. Nc3 Bg7 4. e4 d6 5. f3 O-O 6. Be3 c5 7. dxc5 dxc5 8. Qxd8
Rxd8 9. Bxc5 Nc6 10. Nge2 Nd7 11. Be3 Nde5 12. Nf4 Nb4 13. Rc1 Be6 14. b3 Bh6
15. Nxe6 Bxe3 16. Nxd8 Bxc1 17. Nxb7 Rb8 18. Nc5 Be3 19. N5a4 e6 20. Ke2 Bc1
21. Kf2 Rd8 22. g3 Rd2+ 23. Be2 Ned3+ 24. Kg2 Nc2 25. h4 Ne3+ 26. Kg1 Nc2 27.
Bxd3 Rxd3 28. Kg2 Ba3 29. Nb5 Bb4 30. c5 Kf8 31. c6 Ke7 32. Nxa7 Kd6 33. Rc1
Rd2+ 34. Kh3 e5 35. a3 Ba5 36. b4 Bd8 37. b5 Nd4 38. Rc3 Ne2 39. Rc1 Nxc1 40.
b6 Ne2 41. Nb5+ Kxc6 42. Na7+ Kb7 43. Kg2 Nd4+ 44. Kf1 Bxb6 0-1

[Event "USCL Miami vs New York"]
[Site "Internet Chess Club"]
[Date "2008.09.03"]
[Round "2"]
[White "Herman, Matt"]
[Black "Rodriguez, Eric"]
[Result "0-1"]
[WhiteElo "2271"]
[BlackElo "2242"]
[PlyCount "108"]
[EventDate "2008.??.??"]

1. e4 c5 2. Nf3 d6 3. d4 cxd4 4. Nxd4 Nf6 5. Nc3 a6 6. Bc4 e6 7. Bb3 b5 8. f3
Nbd7 9. Be3 Bb7 10. Qd2 Nc5 11. g4 Be7 12. g5 Nfd7 13. h4 Ne5 14. O-O-O O-O 15.
f4 Ng4 16. Rhg1 b4 17. Rxg4 bxc3 18. Qxc3 Bxe4 19. Nc6 Nxb3+ 20. axb3 Bxc6 21.
Qxc6 Qa5 22. Qe4 Qa1+ 23. Kd2 Qxb2 24. g6 hxg6 25. h5 d5 26. Qd3 Bb4+ 27. Ke2
Rac8 28. Bd4 Qxc2+ 29. Qxc2 Rxc2+ 30. Kd3 Rh2 31. hxg6 fxg6 32. Rxg6 Rxf4 33.
Rxg7+ Kf8 34. Rg3 Rf7 35. Rc1 Bd6 36. Re3 Ke7 37. Rce1 Kd7 38. Rxe6 Rf3+ 39.
R6e3 Rff2 40. Bc3 Kc6 41. Rc1 Kb5 42. Re6 Bc5 43. Re3 Bxe3 44. Kxe3 Rc2 45.
Rxc2 Rxc2 46. Kd3 Rh2 47. Kd4 Rh3 48. b4 Rxc3 49. Kxc3 Ka4 50. Kd4 Kxb4 51.
Kxd5 a5 52. Kd4 a4 53. Kd3 Kb3 54. Kd2 Kb2 0-1

[Event "USCL Boston vs Carolina"]
[Site "Internet Chess Club"]
[Date "2008.09.03"]
[Round "2"]
[White "Zaikov, Oleg"]
[Black "Shmelov, Denys"]
[Result "1/2-1/2"]
[WhiteElo "2376"]
[BlackElo "2446"]
[PlyCount "79"]
[EventDate "2008.??.??"]

1. d4 Nf6 2. c4 e6 3. Nf3 c5 4. d5 exd5 5. cxd5 d6 6. Nc3 g6 7. h3 Bg7 8. e4
O-O 9. Bd3 Nh5 10. O-O Nd7 11. Bg5 Bf6 12. Be3 Re8 13. Nd2 a6 14. f4 b5 15. g4
Ng7 16. e5 dxe5 17. f5 Bb7 18. Nde4 b4 19. Qb3 bxc3 20. Qxb7 gxf5 21. gxf5 cxb2
22. Rab1 Kh8 23. Be2 Rg8 24. Kh2 Ne8 25. Qxb2 Qe7 26. Qb7 Nd6 27. Nxd6 Qxd6 28.
Qc6 Be7 29. Rb7 Rad8 30. f6 Bf8 31. Rf5 c4 32. Qxd6 Bxd6 33. Bxc4 e4+ 34. Bf4
Bxf4+ 35. Rxf4 Ne5 36. Be2 Nf3+ 37. Bxf3 exf3 38. Rxf3 Rxd5 39. Rf2 Rf8 40. Rc2
1/2-1/2

[Event "USCL Philadelphia vs Baltimore"]
[Site "Internet Chess Club"]
[Date "2008.09.03"]
[Round "2"]
[White "Zimmer, Ralph"]
[Black "Wilson, Elvin"]
[Result "1-0"]
[WhiteElo "2328"]
[BlackElo "2240"]
[PlyCount "113"]
[EventDate "2008.??.??"]

1. d4 d5 2. Nf3 Nf6 3. Bf4 Bf5 4. e3 e6 5. Be2 h6 6. c4 Bb4+ 7. Nc3 O-O 8. Qb3
Nc6 9. Ne5 Nxe5 10. Bxe5 Bxc3+ 11. bxc3 dxc4 12. Bxc4 Nd7 13. Bg3 Nb6 14. Be2
Be4 15. O-O Qd7 16. f3 Bc6 17. c4 Kh8 18. Kh1 Nc8 19. Qc3 f5 20. Rad1 Ne7 21.
Be5 Rf7 22. e4 Ba4 23. Rb1 b6 24. d5 Ng6 25. Bg3 f4 26. Bf2 c5 27. dxc6 Qxc6
28. e5 Qc7 29. Bd4 Ne7 30. Qa3 Nf5 31. Bf2 Qxe5 32. Bd3 Bc6 33. Bxf5 Qxf5 34.
Qd6 Rc8 35. Rbe1 Bd7 36. Re4 Bc6 37. Re5 Qc2 38. Qxe6 Rfc7 39. Rh5 Qd3 40. Kg1
Be8 41. Rd5 Qg6 42. Qe5 Rxc4 43. h4 Rc1 44. Rdd1 R1c2 45. Rd6 Qh5 46. Qxf4 Rxa2
47. Bd4 Kh7 48. Bxg7 Kxg7 49. Qf6+ Kh7 50. Re1 Bf7 51. Re7 Kg8 52. Rd4 Rc1+ 53.
Kh2 Rxg2+ 54. Kxg2 Rc2+ 55. Kg3 Rc8 56. Rg4+ Kf8 57. Rg7 1-0

[Event "USCL Chicago vs San Francisco"]
[Site "Internet Chess Club"]
[Date "2008.09.03"]
[Round "2"]
[White "Felecan, Florin"]
[Black "Friedel, Josh"]
[Result "0-1"]
[WhiteElo "2449"]
[BlackElo "2595"]
[PlyCount "88"]
[EventDate "2008.??.??"]

1. e4 e5 2. Nf3 Nc6 3. Bb5 a6 4. Ba4 Nf6 5. Qe2 b5 6. Bb3 Be7 7. c3 O-O 8. d3
d6 9. Nbd2 Na5 10. Bc2 c5 11. Nf1 Re8 12. Ng3 h6 13. O-O Nh7 14. h3 Nf8 15. Nh2
Bg5 16. Ng4 Ng6 17. Ne3 Nf4 18. Qf3 Bb7 19. h4 Bxh4 20. Ngf5 Bg5 21. g3 g6 22.
gxf4 exf4 23. Nxh6+ Bxh6 24. Ng4 Qg5 25. Qg3 fxg3 26. Nxh6+ Qxh6 27. Bxh6 d5
28. Rae1 dxe4 29. dxe4 gxf2+ 30. Rxf2 Nc4 31. Ref1 Bxe4 32. Rxf7 Bxc2 33. Rg7+
Kh8 34. Rff7 g5 35. Rxg5 Re6 36. Bg7+ Kg8 37. Rc7 Rg6 38. Rxg6 Bxg6 39. b3 Ne3
40. Be5 Bb1 41. Rxc5 Bxa2 42. Bd4 Nc2 43. Rg5+ Kf7 44. Rg7+ Ke6 0-1

[Event "USCL Dallas vs Arizona"]
[Site "Internet Chess Club"]
[Date "2008.09.03"]
[Round "2"]
[White "Rensch, Danny"]
[Black "Bartholomew, John"]
[Result "0-1"]
[WhiteElo "2411"]
[BlackElo "2488"]
[PlyCount "44"]
[EventDate "2008.??.??"]

1. e4 e5 2. Nf3 Nc6 3. d4 exd4 4. Nxd4 Nf6 5. Nxc6 bxc6 6. e5 Qe7 7. Qe2 Nd5 8.
c4 Nb6 9. Nc3 Qe6 10. Qe4 g6 11. Bg5 Bg7 12. f4 d5 13. O-O-O h6 14. cxd5 cxd5
15. Bb5+ c6 16. Nxd5 Nxd5 17. Rxd5 O-O 18. Rd6 Qxa2 19. Be7 Bf5 20. Qa4 Qb1+
21. Kd2 Qxb2+ 22. Ke1 cxb5 0-1

[Event "USCL Tennessee vs Seattle"]
[Site "Internet Chess Club"]
[Date "2008.09.03"]
[Round "2"]
[White "Lee, Michael"]
[Black "Wheeler, Jerry"]
[Result "1-0"]
[WhiteElo "2314"]
[BlackElo "2204"]
[PlyCount "85"]
[EventDate "2008.??.??"]

1. c4 b6 2. Nc3 e6 3. Nf3 Bb7 4. g3 Nf6 5. Bg2 c5 6. O-O Be7 7. Re1 O-O 8. e4
d6 9. d4 cxd4 10. Nxd4 Qc8 11. Be3 a6 12. Rc1 Nbd7 13. f4 Re8 14. g4 g6 15. g5
Nh5 16. Nde2 Bf8 17. b3 Qc7 18. Bf3 Ng7 19. Ng3 Rac8 20. h4 Qb8 21. a4 Qa8 22.
Kf2 f5 23. gxf6 Nxf6 24. Bxb6 Be7 25. Rh1 Rf8 26. Kg2 Ngh5 27. Nxh5 Nxh5 28.
Bxh5 gxh5 29. Qf3 Kh8 30. Kh3 Bf6 31. Rhe1 Be5 32. Be3 Bxc3 33. Rxc3 Bxe4 34.
Bd4+ e5 35. Qxe4 Qxe4 36. Rxe4 exd4 37. Rxd4 Rce8 38. Rxd6 Rxf4 39. Rxa6 Ree4
40. Rg3 Rxh4+ 41. Kg2 Rhg4 42. Rb6 Rd4 43. a5 1-0

[Event "USCL Tennessee vs Seattle"]
[Site "Internet Chess Club"]
[Date "2008.09.03"]
[Round "2"]
[White "Bick, John"]
[Black "Readey, John"]
[Result "1-0"]
[WhiteElo "2249"]
[BlackElo "2296"]
[PlyCount "107"]
[EventDate "2008.??.??"]

1. d4 Nf6 2. c4 g6 3. Nc3 Bg7 4. e4 d6 5. f3 O-O 6. Be3 c5 7. d5 e6 8. Qd2 exd5
9. cxd5 a6 10. a4 Re8 11. Nge2 Nbd7 12. Ng3 h5 13. Be2 Nh7 14. O-O h4 15. Nh1
f5 16. Nf2 Ne5 17. h3 Bd7 18. Nfd1 Qa5 19. f4 Nf7 20. exf5 gxf5 21. Bf2 Bf6 22.
Ne3 Re7 23. Bd3 Nh6 24. Qc2 Rf8 25. Rfe1 Rg7 26. Ra3 Kh8 27. Kh1 Qc7 28. Qe2
Be8 29. Nxf5 Nxf5 30. Bxf5 Qf7 31. Be6 Qg6 32. Rg1 Bxc3 33. f5 Rxf5 34. Bxf5
Qxf5 35. Rxc3 Bf7 36. Bxh4 Bxd5 37. Qf2 Qxf2 38. Bxf2 Ng5 39. Be1 Ne4 40. Re3
Bc6 41. Rxe4 Bxe4 42. Bc3 Kg8 43. Bxg7 Kxg7 44. Rf1 a5 45. Kh2 d5 46. Kg3 d4
47. Kf4 Bc6 48. g4 b6 49. Ra1 c4 50. Ke5 c3 51. Kxd4 cxb2 52. Rb1 Bxa4 53. Rxb2
b5 54. Kc5 1-0

[Event "USCL Tennessee vs Seattle"]
[Site "Internet Chess Club"]
[Date "2008.09.03"]
[Round "2"]
[White "Mikhailuk, Slava"]
[Black "Bereolos, Peter"]
[Result "0-1"]
[WhiteElo "2437"]
[BlackElo "2304"]
[PlyCount "88"]
[EventDate "2008.??.??"]

1. c4 g6 2. Nc3 Bg7 3. g3 e5 4. Bg2 d6 5. d3 Nc6 6. Rb1 a5 7. a3 Nf6 8. b4 axb4
9. axb4 O-O 10. b5 Ne7 11. Nf3 h6 12. O-O Be6 13. Bb2 Qd7 14. Ra1 Bh3 15. e4
Bxg2 16. Kxg2 Nh5 17. Rxa8 Rxa8 18. Ne1 f5 19. f3 c6 20. Nc2 d5 21. Nb4 d4 22.
Na4 Nc8 23. Qb3 Bf8 24. Ra1 fxe4 25. dxe4 Qe8 26. Rc1 c5 27. Nd5 Qd8 28. b6 Nf6
29. Ba3 Nd7 30. Qb5 Kh8 31. Rb1 Nd6 32. Qb3 Rc8 33. Nb2 Rc6 34. Nd3 Nc8 35. Qb5
Ncxb6 36. Qa5 Be7 37. Nxe7 Qxe7 38. Nxc5 Nxc4 39. Qa8+ Qf8 40. Qxb7 Ne3+ 41.
Kf2 Rf6 42. Nxd7 Rxf3+ 43. Ke2 Rf2+ 44. Kd3 Rd2+ 0-1

[Event "USCL San Francisco vs Miami"]
[Site "Internet Chess Club"]
[Date "2008.09.08"]
[Round "3"]
[White "Perea, Osmany"]
[Black "Friedel, Josh"]
[Result "1/2-1/2"]
[WhiteElo "2453"]
[BlackElo "2595"]
[PlyCount "46"]
[EventDate "2008.??.??"]

1. d4 Nf6 2. c4 e6 3. Nc3 Bb4 4. Qc2 O-O 5. a3 Bxc3+ 6. Qxc3 b6 7. Nf3 Ne4 8.
Qc2 Bb7 9. e3 d6 10. Be2 Nd7 11. O-O f5 12. b4 Rf6 13. d5 Rh6 14. Bb2 Qe7 15.
dxe6 Ng5 16. Nd4 Nh3+ 17. Kh1 Nxf2+ 18. Kg1 Rxh2 19. Kxh2 Qh4+ 20. Kg1 Nh3+ 21.
Kh2 Nf4+ 22. Kg1 Nh3+ 23. Kh2 Nf4+ 1/2-1/2

[Event "USCL Boston vs Dallas"]
[Site "Internet Chess Club"]
[Date "2008.09.08"]
[Round "3"]
[White "Sammour-Hasbun, Jorge"]
[Black "Kuljasevic, Davorin"]
[Result "1/2-1/2"]
[WhiteElo "2576"]
[BlackElo "2528"]
[PlyCount "70"]
[EventDate "2008.??.??"]

1. d4 d5 2. c4 c6 3. Nc3 Nf6 4. Nf3 dxc4 5. a4 e6 6. Bg5 Bb4 7. e3 b5 8. Nd2
Bb7 9. axb5 Bxc3 10. bxc3 cxb5 11. Qb1 Bc6 12. e4 h6 13. Bh4 Nbd7 14. Be2 Qb6
15. O-O O-O 16. Bf3 e5 17. d5 Bb7 18. Qc2 a6 19. Rfb1 Qc7 20. Nf1 Rfb8 21. Ne3
Ne8 22. Nf5 Nd6 23. Be7 Nxf5 24. exf5 f6 25. d6 Qc8 26. Qe2 Nc5 27. Bxb7 Rxb7
28. Qg4 Nd3 29. Bxf6 Qc5 30. Be7 Nxf2 31. Qh4 Ne4+ 32. Kh1 Nf2+ 33. Kg1 Ne4+
34. Kh1 Nf2+ 35. Kg1 Ne4+ 1/2-1/2

[Event "USCL Boston vs Dallas"]
[Site "Internet Chess Club"]
[Date "2008.09.08"]
[Round "3"]
[White "Bartholomew, John"]
[Black "Vigorito, David"]
[Result "1/2-1/2"]
[WhiteElo "2488"]
[BlackElo "2431"]
[PlyCount "73"]
[EventDate "2008.??.??"]

1. d4 d5 2. c4 c6 3. Nc3 Nf6 4. e3 a6 5. Nf3 b5 6. b3 Bg4 7. h3 Bxf3 8. gxf3 e6
9. c5 Nbd7 10. f4 g6 11. Qc2 Bg7 12. Bd3 Ng8 13. Bb2 Ne7 14. O-O-O Nf5 15. Ne2
O-O 16. Kb1 a5 17. a3 Qe7 18. Ng1 Nh4 19. Qe2 a4 20. b4 Rab8 21. Nf3 Nxf3 22.
Qxf3 Nf6 23. Rdg1 Kh8 24. h4 Nh5 25. Rg5 f5 26. Rh3 Bf6 27. Rg1 Rg8 28. Qh1 Qf7
29. Be2 Rbd8 30. Rg2 Rb8 31. Qd1 Rbd8 32. Bc3 Rb8 33. Qf1 Be7 34. Qh1 Bf6 35.
Kc2 Rbd8 36. Rhh2 Rb8 37. Rh3 1/2-1/2

[Event "USCL Boston vs Dallas"]
[Site "Internet Chess Club"]
[Date "2008.09.08"]
[Round "3"]
[White "Zorigt, Bayaraa"]
[Black "Krasik, Ilya"]
[Result "1-0"]
[WhiteElo "2217"]
[BlackElo "2144"]
[PlyCount "83"]
[EventDate "2008.??.??"]

1. e4 c5 2. Nf3 d6 3. d4 cxd4 4. Nxd4 Nf6 5. Nc3 a6 6. Bg5 e6 7. f3 Qb6 8. Nb3
Nc6 9. Qd2 Qc7 10. Nd4 Be7 11. O-O-O b5 12. Nxc6 Qxc6 13. Kb1 Bb7 14. Bd3 O-O
15. g4 Rfe8 16. h4 b4 17. Ne2 Qa4 18. Bxf6 Bxf6 19. g5 Be7 20. h5 Rac8 21. Nd4
Qa5 22. g6 Qb6 23. gxh7+ Kh8 24. Ne2 Bf6 25. h6 g6 26. Qf4 Qd8 27. Nc1 Qe7 28.
Qe3 Qc7 29. Qf4 Be5 30. Qd2 Qb6 31. f4 Bc3 32. Qe2 a5 33. Bb5 Bxe4 34. Bxe8
Bxh1 35. Bxf7 Bd5 36. Bxe6 Bxe6 37. Qxe6 Bd4 38. Qxc8+ Kxh7 39. Qd7+ Kh8 40.
Qf7 a4 41. h7 Bg7 42. Qg8# 1-0

[Event "USCL Carolina vs Baltimore"]
[Site "Internet Chess Club"]
[Date "2008.09.10"]
[Round "3"]
[White "Milman, Lev"]
[Black "Erenburg, Sergey"]
[Result "0-1"]
[WhiteElo "2502"]
[BlackElo "2592"]
[PlyCount "82"]
[EventDate "2008.??.??"]

1. e4 e5 2. Nf3 Nc6 3. Bb5 Nf6 4. O-O Nxe4 5. d4 Nd6 6. Bxc6 dxc6 7. dxe5 Nf5
8. Qxd8+ Kxd8 9. Nc3 Bd7 10. b3 Kc8 11. Bb2 b6 12. Rad1 h6 13. Rfe1 Bb4 14. h3
c5 15. Re4 Bxc3 16. Bxc3 Be6 17. Bb2 a5 18. a4 Kb7 19. c4 Rad8 20. Ree1 Ne7 21.
Nh4 g5 22. Nf3 Ng6 23. g3 Rxd1 24. Rxd1 Bxh3 25. e6 Rh7 26. exf7 Rxf7 27. Rd3
Bf5 28. Re3 Rd7 29. Ne5 Rd1+ 30. Kg2 Rb1 31. Nxg6 Rxb2 32. Ne5 h5 33. g4 hxg4
34. Kg3 Bc2 35. Kxg4 Rxb3 36. Re1 Rb2 37. Kxg5 Bxa4 38. Rf1 Bb3 39. f4 Re2 40.
Kf6 a4 41. Rf3 Rb2 0-1

[Event "USCL Carolina vs Baltimore"]
[Site "Internet Chess Club"]
[Date "2008.09.10"]
[Round "3"]
[White "Enkhbat, Tegshsuren"]
[Black "Schroer, Jonathan"]
[Result "1/2-1/2"]
[WhiteElo "2446"]
[BlackElo "2441"]
[PlyCount "64"]
[EventDate "2008.??.??"]

1. d4 d5 2. c4 e6 3. Nf3 Nf6 4. g3 dxc4 5. Bg2 Nc6 6. Qa4 Bb4+ 7. Bd2 Nd5 8.
Bxb4 Ndxb4 9. Na3 Rb8 10. Ne5 Bd7 11. Qb5 Nxe5 12. Qxe5 O-O 13. Qc5 Bc6 14.
Bxc6 Nxc6 15. O-O-O Qd5 16. Qxc4 Rfd8 17. Qxd5 exd5 18. e3 Ne7 19. Nc2 Nf5 20.
Ne1 Nd6 21. Nd3 h5 22. b3 g6 23. Nc5 a5 24. Rhe1 Kg7 25. Re2 Re8 26. Rc2 Re7
27. a4 c6 28. Nd3 Rbe8 29. Rc5 Ra8 30. Rc2 Rae8 31. Rc5 Ra8 32. Rc2 Rae8
1/2-1/2

[Event "USCL New York vs Philadelphia"]
[Site "Internet Chess Club"]
[Date "2008.09.10"]
[Round "3"]
[White "Shahade, Jennifer"]
[Black "Herman, Matt"]
[Result "1/2-1/2"]
[WhiteElo "2318"]
[BlackElo "2271"]
[PlyCount "87"]
[EventDate "2008.??.??"]

1. e4 c5 2. Nf3 d6 3. d4 cxd4 4. Qxd4 Nc6 5. Bb5 Bd7 6. Bxc6 Bxc6 7. Nc3 Nf6 8.
Bg5 e6 9. O-O-O Be7 10. Qd3 O-O 11. Nd4 Qa5 12. Bd2 Rfd8 13. Nxc6 bxc6 14. Nd5
Qxa2 15. Nxe7+ Kf8 16. Bb4 c5 17. Nc6 cxb4 18. Nxd8 Rxd8 19. Qd4 Qa1+ 20. Kd2
Qa5 21. Rhe1 b3+ 22. c3 Qg5+ 23. Ke2 Qxg2 24. e5 Nd5 25. c4 Nb6 26. exd6 e5 27.
Qh4 f6 28. Rg1 Qc6 29. Qxh7 Qxc4+ 30. Ke1 Rd7 31. Qh8+ Qg8 32. Qxg8+ Kxg8 33.
Rg3 Kf7 34. Rxb3 Ke6 35. Rc3 Nd5 36. Rc6 g5 37. Ra1 Nb4 38. Rc4 Nd3+ 39. Ke2
Rxd6 40. Rxa7 Nf4+ 41. Ke1 Nd3+ 42. Ke2 Nf4+ 43. Ke1 Nd3+ 44. Ke2 1/2-1/2

[Event "USCL Queens vs Arizona"]
[Site "Internet Chess Club"]
[Date "2008.09.10"]
[Round "3"]
[White "Ginsburg, Mark"]
[Black "Lenderman, Alex"]
[Result "0-1"]
[WhiteElo "2410"]
[BlackElo "2528"]
[PlyCount "78"]
[EventDate "2008.??.??"]

1. c4 c5 2. Nf3 Nc6 3. Nc3 e5 4. g3 d6 5. Bg2 g6 6. d3 Bg7 7. a3 Nge7 8. Rb1 a5
9. Nd2 Be6 10. Nf1 d5 11. cxd5 Nxd5 12. Ne3 Nde7 13. O-O O-O 14. Ne4 b6 15. Nc4
Rb8 16. Bg5 f6 17. Bd2 a4 18. Kh1 Bd5 19. f3 Nd4 20. Bc3 Nec6 21. e3 Nb3 22.
Ncd2 Qd7 23. Qe2 Rbd8 24. Nxb3 Bxb3 25. f4 f5 26. Nf2 Rfe8 27. Qf3 Re6 28. Rbc1
exf4 29. gxf4 Rde8 30. Rfe1 Na7 31. Bxg7 Qxg7 32. Re2 Nb5 33. Qg3 Nd4 34. Ree1
Nc2 35. Rxc2 Bxc2 36. Bd5 Qxb2 37. Qg5 Bb3 38. Bxe6+ Bxe6 39. Qh4 Qd2 0-1

[Event "USCL Queens vs Arizona"]
[Site "Internet Chess Club"]
[Date "2008.09.10"]
[Round "3"]
[White "Stripunsky, Alex"]
[Black "Barcenilla, Rogelio"]
[Result "1/2-1/2"]
[WhiteElo "2601"]
[BlackElo "2560"]
[PlyCount "86"]
[EventDate "2008.??.??"]

1. e4 e5 2. Nf3 Nc6 3. Bb5 a6 4. Ba4 Nf6 5. O-O Be7 6. Re1 b5 7. Bb3 O-O 8. d4
d6 9. c3 Bg4 10. d5 Na5 11. Bc2 c6 12. dxc6 Qc7 13. h3 Bc8 14. Bg5 Qxc6 15.
Nbd2 h6 16. Bxf6 Bxf6 17. Qe2 Nc4 18. Rab1 Be6 19. Nf1 Rfe8 20. a3 Rad8 21. Ne3
Nxe3 22. Qxe3 d5 23. exd5 Bxd5 24. Be4 g6 25. Bxd5 Qxd5 26. Qe4 Qxe4 27. Rxe4
Bg7 28. Rbe1 f5 29. R4e2 e4 30. Nd2 a5 31. Nb3 a4 32. Nd2 Rd3 33. Nf1 Red8 34.
Ne3 h5 35. Kf1 Bf8 36. g3 Bc5 37. Ng2 Kf7 38. Nf4 Rf3 39. h4 e3 40. Nh3 Rxf2+
41. Nxf2 exf2 42. Rc1 Rd3 43. Kg2 Kf6 1/2-1/2

[Event "USCL Queens vs Arizona"]
[Site "Internet Chess Club"]
[Date "2008.09.10"]
[Round "3"]
[White "Martinez, Leo"]
[Black "Katz, Benjamin"]
[Result "1/2-1/2"]
[WhiteElo "2209"]
[BlackElo "2108"]
[PlyCount "87"]
[EventDate "2008.??.??"]

1. e4 c5 2. Nf3 Nc6 3. d4 cxd4 4. Nxd4 Nf6 5. Nc3 e5 6. Ndb5 d6 7. Bg5 a6 8.
Na3 b5 9. Bxf6 gxf6 10. Nd5 Bg7 11. c3 Ne7 12. Nxe7 Qxe7 13. Nc2 O-O 14. Ne3
Be6 15. Be2 Rad8 16. a4 Qb7 17. axb5 axb5 18. Bf3 Bh6 19. Nd5 Bxd5 20. Qxd5
Qxd5 21. exd5 Ra8 22. Ke2 f5 23. g4 e4 24. Bg2 fxg4 25. Bxe4 Rae8 26. Kd3 f5
27. Bg2 Ra8 28. b4 Bg7 29. Rhc1 Rxa1 30. Rxa1 Rc8 31. Ra3 Be5 32. h3 h5 33. Bf1
h4 34. Kd2 g3 35. fxg3 hxg3 36. Bg2 Kg7 37. Bf3 Kf6 38. h4 Rc4 39. h5 Kg5 40.
Kd3 Rf4 41. Ke2 Rc4 42. Kd3 Rf4 43. Ke2 Rc4 44. Kd3 1/2-1/2

[Event "USCL Chicago vs Tennessee"]
[Site "Internet Chess Club"]
[Date "2008.09.10"]
[Round "3"]
[White "Andrews, Todd"]
[Black "van de Mortel, Jan"]
[Result "0-1"]
[WhiteElo "2350"]
[BlackElo "2460"]
[PlyCount "72"]
[EventDate "2008.??.??"]

1. e4 c5 2. Nf3 d6 3. d4 cxd4 4. Nxd4 Nf6 5. Nc3 g6 6. Be3 Bg7 7. f3 O-O 8. Qd2
Nc6 9. O-O-O Nxd4 10. Bxd4 Be6 11. Kb1 Qc7 12. Nb5 Qd7 13. Be3 Rfc8 14. g4 Bc4
15. Nd4 Bxf1 16. Rhxf1 Qc7 17. h4 Nd7 18. h5 Ne5 19. hxg6 hxg6 20. Qh2 Nc4 21.
Bc1 Qb6 22. Nb3 Ne3 23. Rh1 Rxc2 24. Qh7+ Kf8 25. Rd3 Rac8 26. e5 Rxc1+ 27.
Rxc1 Rxc1+ 28. Kxc1 Nc4 29. exd6 Qg1+ 30. Kc2 Qf2+ 31. Nd2 exd6 32. b4 Ne3+ 33.
Kb3 Qe2 34. Rxd6 Qd1+ 35. Ka3 Nc2+ 36. Ka4 Nd4+ 0-1

[Event "USCL Chicago vs Tennessee"]
[Site "Internet Chess Club"]
[Date "2008.09.10"]
[Round "3"]
[White "Bick, John"]
[Black "Strunk, Adam"]
[Result "0-1"]
[WhiteElo "2249"]
[BlackElo "2113"]
[PlyCount "70"]
[EventDate "2008.??.??"]

1. d4 Nf6 2. c4 g6 3. Nc3 d5 4. cxd5 Nxd5 5. Bd2 Bg7 6. e4 Nb6 7. Be3 Nc6 8.
Bb5 O-O 9. Nge2 Na5 10. b3 e5 11. d5 c6 12. dxc6 bxc6 13. Bd3 Qc7 14. Qc2 Be6
15. Ng3 Rfd8 16. O-O c5 17. Nb5 Qb7 18. Bxc5 Rac8 19. b4 Bf8 20. Rfc1 Nd7 21.
Qa4 Nxc5 22. bxc5 Rxd3 23. Qxa5 Bxc5 24. Rd1 Bc4 25. Rxd3 Bxd3 26. a4 a6 27.
Qd2 Bxe4 28. Nd6 Bxd6 29. Qxd6 Bxg2 30. Qxe5 h5 31. Qg5 Bh3 32. Nxh5 Rb8 33.
Nf6+ Kg7 34. Re1 Qf3 35. Ne4 Qxe4 0-1

[Event "USCL Chicago vs Tennessee"]
[Site "Internet Chess Club"]
[Date "2008.09.10"]
[Round "3"]
[White "Mitkov, Nikola"]
[Black "Burnett, Ron"]
[Result "1-0"]
[WhiteElo "2601"]
[BlackElo "2412"]
[PlyCount "75"]
[EventDate "2008.??.??"]

1. d4 Nf6 2. Nf3 g6 3. Bg5 Bg7 4. Nbd2 d5 5. e3 O-O 6. Be2 Nbd7 7. O-O c5 8. c3
b6 9. a4 Bb7 10. b4 Ne4 11. Nxe4 dxe4 12. Nd2 cxb4 13. cxb4 h6 14. Bh4 f5 15.
f4 exf3 16. Bxf3 Bxf3 17. Nxf3 Nf6 18. Ne5 g5 19. Bg3 Nd5 20. Qb3 e6 21. Rac1
f4 22. Nc6 Qe8 23. exf4 gxf4 24. Bh4 Rc8 25. b5 Rc7 26. Rce1 Ne3 27. Rf3 Rxc6
28. bxc6 Bxd4 29. Bf2 Qxc6 30. h3 Rf7 31. Kh1 Rg7 32. Bxe3 Bxe3 33. Rexe3 fxe3
34. Qxe3 Rg6 35. Qf4 Qe8 36. Qe4 e5 37. Rc3 Rd6 38. Rc7 1-0

[Event "USCL Seattle vs New Jersey"]
[Site "Internet Chess Club"]
[Date "2008.09.10"]
[Round "3"]
[White "Lian, Jayson"]
[Black "Sinanan, Joshua"]
[Result "1/2-1/2"]
[WhiteElo "2142"]
[BlackElo "2180"]
[PlyCount "86"]
[EventDate "2008.??.??"]

1. d4 Nf6 2. c4 e6 3. Nc3 c5 4. d5 exd5 5. cxd5 d6 6. Nf3 g6 7. Qa4+ Bd7 8. Qb3
Qc7 9. e4 Bg7 10. h3 O-O 11. Bd3 Na6 12. O-O Rfc8 13. Bc4 Rab8 14. a4 Nb4 15.
Re1 Re8 16. Bf4 Nh5 17. Bh2 a6 18. e5 b5 19. exd6 Qb7 20. axb5 axb5 21. Bf1 Nf6
22. Ne5 Bf5 23. Ra5 Nc2 24. Rd1 Nd4 25. Qa2 Ra8 26. Ra1 Rxa5 27. Qxa5 Nxd5 28.
Nxd5 Qxd5 29. Bxb5 Nxb5 30. Qxb5 Rf8 31. Nc6 Qe6 32. Ne7+ Kh8 33. Nxf5 Qxf5 34.
d7 Bf6 35. Re1 Rd8 36. Re8+ Kg7 37. Rxd8 Bxd8 38. Bd6 Kf6 39. Bxc5 Qe6 40. Bd4+
Ke7 41. Bc5+ Kf6 42. Be3 Ke7 43. Bc5+ Kf6 1/2-1/2

[Event "USCL New York vs Seattle"]
[Site "Internet Chess Club"]
[Date "2008.09.29"]
[Round "6"]
[White "May, Andy"]
[Black "Rosenberg, Evan"]
[Result "1-0"]
[WhiteElo "2134"]
[BlackElo "2201"]
[PlyCount "85"]
[EventDate "2008.??.??"]

1. e4 c6 2. Nc3 d5 3. Nf3 Bg4 4. h3 Bh5 5. exd5 cxd5 6. Bb5+ Nc6 7. g4 Bg6 8.
Ne5 Rc8 9. d4 e6 10. Qe2 Bb4 11. h4 Nge7 12. h5 Be4 13. f3 O-O 14. Nxc6 Nxc6
15. Be3 Qf6 16. fxe4 Nxd4 17. Bxd4 Qxd4 18. Rd1 Bxc3+ 19. bxc3 Qxc3+ 20. Kf1
dxe4 21. Qxe4 f5 22. Qxe6+ Kh8 23. Bd3 fxg4+ 24. Kg2 Rce8 25. Rhf1 Rg8 26. Qxg4
Qc6+ 27. Rf3 Re5 28. Rdf1 b5 29. R1f2 Qh6 30. Rf5 Qe6 31. Qf4 Qc6+ 32. Qf3 Qc5
33. Rxe5 Qxe5 34. Qf5 Qxf5 35. Rxf5 a6 36. Rf7 Ra8 37. Be4 Re8 38. Kf3 h6 39.
Ra7 Kg8 40. Rxa6 Re5 41. Bg6 Kf8 42. Ra8+ Ke7 43. Re8+ 1-0